000
00196 a2200097 4500
001
11084
100
_a
M. Khalid
245
_a
Welfare State
260
_a
_b
Royal book Co
_c
090
_c
8643
_d
8643
942
_a
NUST-CAE
_c
M
_c
35426
999
_c
246157
_d
246157